000 00766cam a2200253 4500
001 4654
005 20230410115428.0
008 060907s1996 mx spa
020 _a9688807559
035 _9funglode4691
041 _aspa
050 1 4 _aHD 58.8
_bO88li1996
100 1 _aO’Toole, James.
245 1 3 _aEl liderazgo del cambio /
_cJames O' Toole
260 _aMéxico :
_bPrentice Hall Hispanoamericana,
_c1996
300 _axvi, 281 p.
500 _aTraducido de: Leading change : overcoming the ideology of comfort and the tyranny of custom.
650 0 _aOrganizational change
650 4 _aCambio organizacional.
650 4 _aLiderazgo.
650 0 _aLeadership.
650 0 _aOrganizational change
_xManagement.
942 _2lcc
_cbk
999 _c41004
_d41004